| 000 | 00698nam a2200205 i 4500 | ||
|---|---|---|---|
| 001 | 106598 | ||
| 003 | ES-MaACL | ||
| 005 | 20230906184219.0 | ||
| 007 | t| | ||
| 008 | 061205s1945 fr ||||1| fre d | ||
| 080 | _a94(100)"1939/45"(059.3) | ||
| 100 | 1 |
_aCéré, Roger. _937479 |
|
| 245 | 1 | 0 |
_aChronologie du conflit mondial _b: (1935-1945) / _cRoger Céré, Charles Rousseau. |
| 260 |
_aParis : _bSociété d'Editions Françaises et Internationales, _c1945. |
||
| 300 |
_a621 p. ; _c26 cm. |
||
| 500 | _aBiblioteca Jacinto Martínez Lacalle. | ||
| 650 | 1 | 4 |
_aGuerra mundial, 1939-1945- _vCronología. _913238 |
| 700 | 1 |
_aRousseau, Charles. _9100054 |
|
| 852 |
_aES-MaACL _jE-11407 _bR.139017 |
||
| 999 |
_c106598 _d106598 |
||